| 000 | 00543nam a2200217 a 4500 | ||
|---|---|---|---|
| 999 |
_c622 _d622 |
||
| 001 | 622 | ||
| 003 | BD-JhCC | ||
| 005 | 20171007214625.0 | ||
| 008 | 171007s1950 enga|||| ||a| 001 0 eng d | ||
| 035 | _a(BD-JhCC)622 | ||
| 040 |
_aBD-JhCC _dBD-JhCC |
||
| 041 | _aeng | ||
| 082 |
_a979.404 _bMNR 1950 |
||
| 100 | _aMcneer, May | ||
| 245 |
_aThe California Gold Rush / _cMay McNeer |
||
| 260 |
_aChicago : _bSpencer Press, _c1950. |
||
| 300 |
_a184 p. : _bill. ; _c21 cm. |
||
| 650 | _aGold Mires And Mining | ||
| 942 |
_2ddc _cBK |
||